Estrelas e planetas (Registo nº 3058)

Detalhes MARC
000 -Etiqueta do registo
Cabeçalho 00856nam a22002771 4500
005 - Identificador da versão
Campo de controlo 20240813121951.0
010 ## - Número internacional normalizado dos livros (ISBN)
Número (ISBN) 9727071155
100 ## - Dados gerais de processamento
Dados gerais de processamento 19980915d1995 de y0pory5003 ba
102 ## - Pais de publicação ou produção
País de publicação Portugal
101 1# - Língua de publicação
Língua do texto, banda sonora, etc. Português
Língua do documento no original Inglês
106 ## - Campo de dados codificados: material textual
Dados codificados do material textual r
215 ## - Descrição física 
Indicação específica da natureza do documento e extensão da espécie 125, [1] p.
Outras indicações físicas muito il. color.
Dimensões 18 cm
200 1# - Titulo e menção de responsabilidade
Título próprio Estrelas e planetas
Informação de outro título [guia prático para a observação do céu nocturno]
Primeira menção de responsabilidade P. Forey, C. Fitzsimons
Outras menções de responsabilidade trad. Guilherme de Almeida
225 2# - Colecção 
Título próprio da colecção Pequenos guias da natureza
205 ## - Menção da edição
Menção da edição 1ª ed
210 ## - Publicação, Distribuição, etc. 
Lugar da edição, distribuição, etc. Lisboa
Nome do editor, distribuidor, etc. Plátano
Data da publicação, distribuição, etc. 1995
606 ## - Nome comum usado como assunto
Número de registo de entrada de autoridade 0002229
Palavra de ordem Ciências exactas
Subdivisão de assunto Astronomia
675 ## - Classificação Decimal Universal (CDU)
Notação 52
Edição
Língua da edição por
702 ## - Nome de autor-pessoa física (responsabilidade secundária)
Número de registo de entrada de autoridade 0002238
Palavra de ordem Almeida
Outra parte do nome não tomada para palavra de ordem Guilherme de
Código de função Tradutor
701 ## - Nome de autor-pessoa física (co-responsabilidade principal)
Palavra de ordem Fitzsimons
Outra parte do nome não tomada para palavra de ordem Cecilia
Código de função Autor / Co-autor
700 ## - Nome de autor-pessoa física (responsabilidade principal)
Número de registo de entrada de autoridade 0002109
Palavra de ordem Forey
Outra parte do nome não tomada para palavra de ordem Pamela
942 ## - Elementos de entrada adicionados (Koha)
Tipo de item no Koha Livro
Exemplares
Situação do levantamento Origin of item (home branch) (coded) Biblioteca de empréstimo Código de barras Cota Circulation type (not for loan) Tipo de documento Nota do exemplar Damaged status
  Biblioteca Escolar da Coca Maravilhas Biblioteca Escolar da Coca Maravilhas BECM3660/98 5AST FOR   Livro Sem mensagem